000 00909nas a2200289 4500
001 BR2015005594
003 BR-BrBNA
005 20231205125808.0
007 ta
008 230509b bl.|||p| |||| 00| 00por d
040 _aBR-BrBNA
_bpor
_cBiblioteca Nacional de Agricultura
041 _a(Pt)
072 _aF30
100 1 _aTorres, F.E.
100 1 _aSagrilo, E.
100 1 _aTeodoro, P.E.
100 1 _aRibeiro, L.P.
100 1 _aCargnelutti Filho, A.
245 1 _aNúmero de repetições para avaliação de caracteres em genótipos de feijão-caupi
650 _aFEIJÃO DE CORDA
650 _aGENÓTIPO
650 _aPRODUTIVIDADE
773 0 _tBragantia (Brazil)
_xISSN 1678-4499
_g(Apr-Jun 2015), v. 74(2) p. 161-168
_wBR2015005594
856 4 0 _uhttp://www.scielo.br/pdf/brag/v74n2/0006-8705-brag-74-2-161.pdf
909 _a202311
_bLúcia
_c55
_dLúcia Elande
942 _2AGRIS
_n0
_cANA
999 _c246183
_d246183